| 000 | 00575nam a2200145 a 4500 | ||
|---|---|---|---|
| 001 | 000026370 | ||
| 005 | 20200930024533.0 | ||
| 008 | 110315s2008 dr a 000 0 spa d | ||
| 040 |
_aDO-SdBNP _bspa _cBNPHU |
||
| 245 | 0 | 0 |
_aManual de funcionamiento : _bCentro de Recursos para la Atención a la Diversidad / _ccoordinadores Minerva Ramona Pérez Jiménez... [et.al]. |
| 260 |
_aSanto Domingo : _bSecretaría de Estado de Educación _bEditora Alfa y Omega, _c2008. |
||
| 300 |
_a118 P. : _bil. ; _c28 cm. |
||
| 700 | 1 |
_aPérez Jiménez, Minerva Ramona _ecoor. _953398 |
|
| 049 | _aBNPD | ||
| 999 |
_c25862 _d25862 |
||